| 000 | 00611nam a2200193 a 4500 | ||
|---|---|---|---|
| 005 | 20210219161958.0 | ||
| 008 | 080925s1976 mx r 000 0 spa d | ||
| 035 | _aUPN01000195494 | ||
| 049 | _aUNE | ||
| 080 | _aDO 341.16: 001 (093.2) 1975 RES 99a | ||
| 110 | 2 |
_aUNESCO. Consejo Ejecutivo _n(99a. : _d1976 : _cParís) |
|
| 245 | 1 | 0 | _aActas Resumidas |
| 260 |
_aParís : _bUNESCO, _c1976. |
||
| 300 | _a380 p. | ||
| 500 | _aIncluye texto en inglés, francés, ruso y español | ||
| 690 | _aAcuerdos- Consejo ejecutivo de la UNESCO | ||
| 690 | _aConsejo ejecutivo de la UNESCO- Acuerdos | ||
| 905 | _aUNESCO | ||
| 999 |
_c167595 _d167595 |
||